01482nam a22003857a 45000010009000000050017000090080041000260100017000670220014000840350024000980370058001220370065001800400047002450420007002920430012002990500018003111300030003292100026003592220029003852450047004142460037004612600067004983000025005653100014005903620019006045000077006235000045007005000071007455000056008165300024008726500024008966500037009207100053009577760086010101334628620090120111545.0030917c19939999sw qr p o 0 a0eng d a 2003200774 a1103-3088 a(OCoLC)ocm51835934  bSage Publications, 6 Bonhill St., London EC2A 4PU, UK bSage Publications, PO Box 5096, Thousand Oaks, CA 91359, USA aUkOxUcUkOxUdDLCdOCoLCdDLCdNSDPdOCoLC alc aev----- aHQ796b.Y5815 aYoung (Stockholm, Sweden) aYoungb(Stockh. 1993) aYoungb(Stockholm. 1993) aYoung :bNordic journal of youth research. aNordic journal of youth research aStockholm :bTidskriftsföreningen Young ;aNew Delhi :bSage av. :bill. ;c24 cm. aQuarterly aBegan in 1993. a"Forms part of the network of Nordic Youth Research Information (NYRI)." aPublisher and place of publication vary. aDescription based on: Vol. 4, no. 1 (Feb. 1996); title from cover. aLatest issue consulted: Vol. 11, no. 4 (Nov. 2003). aAlso issued online. aYouthvPeriodicals. aYouthzScandinaviavPeriodicals. aNordic Youth Research Information (Organization) tYoung (Stockholm, Sweden : Online)x1552-8480w(DLC) 2004215764w(OCoLC)55104073